000 00354nam a2200133Ia 4500
005 20260326235503.0
008 260326s9999||||xx |||||||||||||| ||und||
100 _aHyatt, Peter
245 0 _aLocal heroes :
_b Architects of Australia's Sunshine Coast /
_cPeter Hyatt
260 _bCraftman House
300 _a219 p.
650 _aARQUITECTOS
942 _cBK
999 _c8099
_d8099